000
00307nam a22001457a 4500
008
180813b xxu||||| |||| 00| 0 eng d
020
_a
9781590186718
041
_a
eng
080
_a
616.8
082
_a
616.8
100
_a
7
101
_a
TRU
245
_a
Brain tumors
_c
Clark.A.D
942
_2
udc
_c
BK
999
_c
47057
_d
47057